Generazioni dei Pokémon - Quiz n°52 - Statistics

Statistiche generali
  • Questo quiz è stato fatto 3 volte
  • Il punteggio medio è 9 su 15
Statistiche sulle risposte
Hint Risposta % Corretto
Paras Prima
100%
Pansear Quinta
100%
Grimmsnarl Ottava
67%
Ditto Prima
67%
Clefairy Prima
67%
Nidoran♂ Prima
67%
Cinccino Quinta
67%
Vanilluxe Quinta
67%
Ho-oh Seconda
67%
Binacle Sesta
67%
Duskull Terza
67%
Fomantis Settima
33%
Crabominable Settima
33%
Melmetal Settima
33%
Rowlet Settima
33%
Nessun quiz corrispondente trovato
Distribuzione punteggi
Percentuale di utenti per punteggio
Percentile per numero di risposta
I tuoi punteggi nel tempo
Non hai fatto questo quiz